|
|
|
|
| LEADER |
00717cam a2200217 7i4500 |
| 001 |
0000055368 |
| 005 |
20210112090000.0 |
| 020 |
|
|
|a 1856496929 (paperback)
|
| 020 |
|
|
|a 9781856496926 (paperback)
|
| 090 |
0 |
0 |
|a HG3881
|b .S56 1999
|
| 100 |
1 |
|
|a Singh, Kavaljit
|
| 245 |
1 |
4 |
|a The globalisation of finance :
|b a citizen's guide
|c Kavaljit Singh.
|
| 264 |
|
|
|a London:
|b Zed Books,
|c 1999.
|
| 300 |
|
|
|a xi, 190 pages:
|b illustrations;
|c 23 cm.
|
| 336 |
|
|
|a text
|2 rdacontent
|
| 337 |
|
|
|a unmediated
|2 rdamedia
|
| 338 |
|
|
|a volume
|2 rdacarrier
|
| 500 |
|
|
|a Gift: Prof. Dr. Mohd Nor bin Nawawi
|
| 650 |
0 |
0 |
|a Capital movements
|
| 650 |
0 |
0 |
|a International finance
|
| 999 |
|
|
|a 0000069538
|b BOK
|c OPEN SHELF
|e 1st Floor, Bestari Jaya
|